[Event "Madrid ch - Previa A"]
[Site "Madrid ESP"]
[Date "2007.11.09"]
[Round "4.20"]
[White "Vicario Ramírez, Celestino"]
[Black "García Donoso, Alberto"]
[Result "0-1"]
[WhiteElo "1724"]
[BlackElo "1723"]
[PlyCount "98"]
[EventDate "2007.11.01"]
[EventType "swiss"]
[EventRounds "9"]
[EventCountry "ESP"]
[Source "lmi"]
[SourceDate "2007.11.01"]

1. e4 c5 2. Nf3 e6 3. d4 cxd4 4. Nxd4 a6 5. Be3 Nc6 6. Be2 Nf6 7. f3 d5 8. exd5
Nxd4 9. Bxd4 Nxd5 10. O-O Bd6 11. Kh1 Qh4 12. Bg1 Bf4 13. Qe1 Qh6 14. g3 Be3
15. Nc3 Bd2 16. Qd1 Nxc3 17. bxc3 Bxc3 18. Rb1 e5 19. Qd3 Ba5 20. Bc5 Qc6 21.
Qa3 Bd8 22. Rfd1 Be6 23. Rd6 Qc8 24. Rd3 Bf5 25. Rd5 f6 26. Rbd1 Qc7 27. Bb5+
axb5 28. Qxa8 Kf7 29. Rxd8 Rxd8 30. Rxd8 Qxc5 31. Qxb7+ Qe7 32. Qxe7+ Kxe7 33.
Rd2 Be6 34. a3 Bc4 35. Kg1 Ke6 36. Kf2 Kf5 37. Ke3 h5 38. Rd7 g6 39. Rd6 g5 40.
h3 Bf1 41. h4 Bh3 42. Rb6 Bf1 43. Rb8 g4 44. fxg4+ Kxg4 45. Rg8+ Kf5 46. Rg7
Bc4 47. Rc7 Kg4 48. Rg7+ Kf5 49. Rf7 Bxf7 0-1

[Event "Madrid ch - Previa A"]
[Site "Madrid ESP"]
[Date "2007.11.09"]
[Round "4.21"]
[White "Ortiz Berruguete, Adrian"]
[Black "Rollano Carcajona, Ruben"]
[Result "0-1"]
[WhiteElo "1737"]
[BlackElo "1716"]
[PlyCount "126"]
[EventDate "2007.11.01"]
[EventType "swiss"]
[EventRounds "9"]
[EventCountry "ESP"]
[Source "lmi"]
[SourceDate "2007.11.01"]

1. e4 c6 2. Nc3 d5 3. exd5 cxd5 4. d4 Bf5 5. Bd3 Bxd3 6. Qxd3 e6 7. a3 Nc6 8.
Nf3 Nf6 9. Bf4 Be7 10. O-O O-O 11. Rfe1 Rc8 12. Ne2 Qb6 13. Rab1 a6 14. Ng3 Bd8
15. b4 Bc7 16. Bxc7 Rxc7 17. c3 Nb8 18. Ne5 Qd6 19. Rec1 Rfc8 20. Rb2 Nbd7 21.
Nxd7 Nxd7 22. Rb3 Qf4 23. Ne2 Qh4 24. Qg3 Qh6 25. Qf4 Qh5 26. Qf3 Qxf3 27. gxf3
Nb6 28. Rc2 Nc4 29. Kf1 f6 30. f4 Kf7 31. Kg2 Nd6 32. Ng3 Rc4 33. Kf3 Rxd4 34.
cxd4 Rxc2 35. a4 Nc4 36. Nf1 Rb2 37. Rxb2 Nxb2 38. a5 Nd3 39. Nd2 Nxb4 40. Nb3
Nc6 41. Ke3 Ke7 42. Kf3 Kd6 43. Ke3 h6 44. h4 e5 45. fxe5+ fxe5 46. dxe5+ Nxe5
47. Kf4 Ng6+ 48. Kg3 Kc6 49. Nd4+ Kc5 50. Ne6+ Kb5 51. Nxg7 Kxa5 52. h5 Nh8 53.
Nf5 Nf7 54. f4 b5 55. Kg4 b4 56. Nd4 Ka4 57. Kf5 b3 58. Nxb3 Kxb3 59. Kg6 d4
60. Kxf7 d3 61. f5 d2 62. f6 d1=Q 63. Kg7 Qxh5 0-1

[Event "Madrid ch - Previa A"]
[Site "Madrid ESP"]
[Date "2007.11.10"]
[Round "5.1"]
[White "Tejedor Ariza, Francisco"]
[Black "Cabañas Bravo, Juan Andres"]
[Result "1-0"]
[WhiteElo "1987"]
[BlackElo "2004"]
[PlyCount "87"]
[EventDate "2007.11.01"]
[EventType "swiss"]
[EventRounds "9"]
[EventCountry "ESP"]
[Source "lmi"]
[SourceDate "2007.11.01"]

1. e4 e5 2. Nf3 Nc6 3. Bb5 a6 4. Ba4 Nf6 5. d3 b5 6. Bb3 Bc5 7. O-O d6 8. a4
Rb8 9. axb5 axb5 10. Nc3 Bg4 11. h3 Bxf3 12. Qxf3 Nd4 13. Qg3 Nxb3 14. cxb3 O-O
15. Bg5 Nh5 16. Qg4 f6 17. Be3 Bxe3 18. fxe3 g6 19. Ra7 Rf7 20. Nd5 Kf8 21. Qh4
f5 22. Qxd8+ Rxd8 23. g4 Ng3 24. Rf2 c6 25. Rxf7+ Kxf7 26. Nb4 Ke6 27. Kg2 f4
28. exf4 exf4 29. Nxc6 Rf8 30. Nd4+ Ke5 31. Nf3+ Kf6 32. Nd4 Ke5 33. Nc6+ Ke6
34. Kf3 g5 35. Rc2 d5 36. Nd4+ Ke5 37. Nxb5 dxe4+ 38. dxe4 Rd8 39. Rc5+ Ke6 40.
Nc7+ Kd6 41. Rxg5 Kxc7 42. Kxf4 Ne2+ 43. Ke3 Nc1 44. Rc5+ 1-0

[Event "Madrid ch - Previa A"]
[Site "Madrid ESP"]
[Date "2007.11.10"]
[Round "5.2"]
[White "Merino Araguas, Jose Javier"]
[Black "Esquivias Gomez, Francisco J"]
[Result "0-1"]
[WhiteElo "1909"]
[BlackElo "2021"]
[PlyCount "102"]
[EventDate "2007.11.01"]
[EventType "swiss"]
[EventRounds "9"]
[EventCountry "ESP"]
[Source "lmi"]
[SourceDate "2007.11.01"]

1. d4 f5 2. c4 g6 3. Nc3 Nf6 4. f3 c5 5. d5 d6 6. e4 Bg7 7. exf5 Bxf5 8. Bd3
Bxd3 9. Qxd3 Na6 10. Bd2 Nc7 11. Nge2 Qd7 12. O-O O-O 13. Rfe1 b5 14. cxb5 Rfb8
15. Nf4 Nxb5 16. Nxb5 Qxb5 17. Qxb5 Rxb5 18. Bc3 Rb7 19. Rad1 Ne8 20. Bxg7 Kxg7
21. Re2 Nf6 22. Rde1 Kf7 23. h4 h6 24. Rd1 Rab8 25. b3 a5 26. Rde1 Rg8 27. Rd1
Rb4 28. Ne6 Rxh4 29. Rde1 Nxd5 30. Nc7 Rd4 31. Nxd5 Rxd5 32. Rxe7+ Kf6 33.
R1e6+ Kf5 34. Kf2 Rd2+ 35. Ke3 Rxg2 36. Rxd6 Rxa2 37. Rd5+ Kf6 38. Rb7 Re8+ 39.
Kd3 a4 40. Rb6+ Re6 41. Rxe6+ Kxe6 42. Rxc5 axb3 43. Rc6+ Kf5 44. Rb6 Ra3 45.
Rb5+ Kf4 46. Rb6 Kg5 47. Rb5+ Kh4 48. Rb6 Kh5 49. Rb5+ g5 50. Rf5 Ra4 51. Kc3
Rf4 0-1

[Event "Madrid ch - Previa A"]
[Site "Madrid ESP"]
[Date "2007.11.10"]
[Round "5.3"]
[White "Martin Mazuelo, Miguel Angel"]
[Black "Perez Martinez, Jose Manuel"]
[Result "0-1"]
[WhiteElo "1983"]
[BlackElo "1982"]
[PlyCount "60"]
[EventDate "2007.11.01"]
[EventType "swiss"]
[EventRounds "9"]
[EventCountry "ESP"]
[Source "lmi"]
[SourceDate "2007.11.01"]

1. e4 e6 2. d4 d5 3. exd5 exd5 4. c4 Nf6 5. Nc3 Bb4 6. Nf3 Nc6 7. Bd3 Bg4 8.
Be3 dxc4 9. Bxc4 Nd5 10. O-O Nxc3 11. bxc3 Bxc3 12. Bxf7+ Kxf7 13. Qb3+ Be6 14.
Qxc3 Re8 15. Ng5+ Kg8 16. Rab1 Bxa2 17. Rxb7 Bd5 18. Ra1 Nxd4 19. Qxc7 Bxb7 20.
Qf7+ Kh8 21. Qxb7 Qf6 22. Qd5 Ne2+ 23. Kf1 Qxa1+ 24. Kxe2 Qa6+ 25. Ke1 Qa1+ 26.
Kd2 Qb2+ 27. Kd1 Qb1+ 28. Kd2 h6 29. Nf7+ Kh7 30. Nxh6 Rad8 0-1

[Event "Madrid ch - Previa A"]
[Site "Madrid ESP"]
[Date "2007.11.10"]
[Round "5.4"]
[White "Rodriguez Ballespin, Daniel"]
[Black "Sanz Esteban, Eduardo"]
[Result "0-1"]
[WhiteElo "1849"]
[BlackElo "1939"]
[PlyCount "60"]
[EventDate "2007.11.01"]
[EventType "swiss"]
[EventRounds "9"]
[EventCountry "ESP"]
[Source "lmi"]
[SourceDate "2007.11.01"]

1. e4 e5 2. Nc3 Nf6 3. g3 d5 4. exd5 Nxd5 5. Bg2 c6 6. Nxd5 cxd5 7. d4 exd4 8.
Qxd4 Be6 9. Ne2 Nc6 10. Qa4 Qb6 11. O-O Bc5 12. Nf4 O-O-O 13. Nd3 Be7 14. Bd2
h5 15. c3 Kb8 16. Be3 d4 17. cxd4 Bd5 18. Bxd5 Rxd5 19. Ne5 Nxe5 20. dxe5 Bc5
21. Bxc5 Rxc5 22. Qd4 Rd8 23. Qf4 Qe6 24. Qg5 Rdd5 25. Qxg7 Rxe5 26. Qf8+ Rc8
27. Qb4 Rc4 28. Qd2 Re2 29. Qf4+ Rxf4 30. gxf4 h4 0-1

[Event "Madrid ch - Previa A"]
[Site "Madrid ESP"]
[Date "2007.11.10"]
[Round "5.5"]
[White "Marcos Herrero, Francisco"]
[Black "Cañas Muñoz, Oscar"]
[Result "0-1"]
[WhiteElo "1940"]
[BlackElo "1862"]
[PlyCount "96"]
[EventDate "2007.11.01"]
[EventType "swiss"]
[EventRounds "9"]
[EventCountry "ESP"]
[Source "lmi"]
[SourceDate "2007.11.01"]

1. e4 e6 2. d4 d5 3. Nd2 c5 4. exd5 Qxd5 5. Ngf3 cxd4 6. Bc4 Qd8 7. O-O Nf6 8.
Nb3 Be7 9. Bf4 O-O 10. Nbxd4 a6 11. a4 Qa5 12. Qe2 Qh5 13. Rfe1 Re8 14. Rad1
Bd7 15. b3 Bb4 16. Rf1 Nc6 17. Ne5 Qxe2 18. Nxe2 Nxe5 19. Bxe5 Bc6 20. c3 Be7
21. Nd4 Bd5 22. Bd3 Be4 23. Be2 Nd5 24. Rc1 Ba3 25. c4 Bxc1 26. Rxc1 Ne7 27.
Nf3 Rad8 28. b4 Ng6 29. Bc3 Nf4 30. Kf1 f6 31. g3 Nxe2 32. Kxe2 Bxf3+ 33. Kxf3
Rd3+ 34. Ke2 Red8 35. c5 R3d5 36. f4 Kf7 37. Be1 Rc8 38. Bf2 e5 39. Rc4 b5 40.
axb5 axb5 41. Rc2 exf4 42. gxf4 Ke6 43. Kf3 Kf5 44. Be3 Rd3 45. c6 Rb3 46. Rc5+
Ke6 47. f5+ Kd6 48. Rc2 Rxc6 0-1

[Event "Madrid ch - Previa A"]
[Site "Madrid ESP"]
[Date "2007.11.10"]
[Round "5.6"]
[White "Osorio Ramos, Francisco"]
[Black "Garcia Reino, Eduardo"]
[Result "1/2-1/2"]
[WhiteElo "1925"]
[BlackElo "1860"]
[PlyCount "49"]
[EventDate "2007.11.01"]
[EventType "swiss"]
[EventRounds "9"]
[EventCountry "ESP"]
[Source "lmi"]
[SourceDate "2007.11.01"]

1. Nf3 Nf6 2. c4 e6 3. Nc3 d5 4. d4 c6 5. g3 Nbd7 6. cxd5 exd5 7. Bg2 Be7 8.
O-O O-O 9. Bg5 h6 10. Bxf6 Nxf6 11. a3 Be6 12. b4 Qc8 13. Rc1 Bh3 14. Qb3 Bxg2
15. Kxg2 Qe6 16. Ne5 Ng4 17. Nxg4 Qxg4 18. e3 h5 19. Qd1 Qxd1 20. Rfxd1 a5 21.
Rb1 axb4 22. axb4 Ra3 23. Rdc1 Rfa8 24. b5 Bd8 25. bxc6 1/2-1/2

[Event "Madrid ch - Previa A"]
[Site "Madrid ESP"]
[Date "2007.11.10"]
[Round "5.7"]
[White "Espinosa Delgado, Miguel"]
[Black "Redondo Garcia, Jose Luis"]
[Result "0-1"]
[WhiteElo "1836"]
[BlackElo "1909"]
[PlyCount "108"]
[EventDate "2007.11.01"]
[EventType "swiss"]
[EventRounds "9"]
[EventCountry "ESP"]
[Source "lmi"]
[SourceDate "2007.11.01"]

1. Nf3 c5 2. e4 a6 3. Be2 e6 4. O-O Nf6 5. Nc3 Nc6 6. d4 cxd4 7. Nxd4 Qc7 8.
Be3 h6 9. Nb3 b5 10. f3 Bb4 11. Nb1 Na5 12. c3 Nxb3 13. axb3 Bc5 14. Bxc5 Qxc5+
15. Qd4 Qxd4+ 16. cxd4 Bb7 17. Rc1 Bc6 18. b4 O-O 19. Nd2 Rfc8 20. Rc3 Bb7 21.
Rac1 d5 22. e5 Nd7 23. Nb3 Rxc3 24. Rxc3 Rc8 25. Rxc8+ Bxc8 26. Nc5 Nb8 27. Kf2
Nc6 28. Nd3 Nxd4 29. Bd1 g5 30. g3 Kg7 31. f4 Nc6 32. Bf3 f5 33. Ke2 g4 34. Bg2
h5 35. Kd2 Kh6 36. Kc3 h4 37. Nc5 hxg3 38. hxg3 Kg7 39. Kb3 Kf7 40. Bf1 Ke7 41.
Nd3 Kd8 42. Nc1 Kc7 43. Ne2 Kb6 44. Kc3 a5 45. bxa5+ Kxa5 46. Bg2 b4+ 47. Kc2
Ba6 48. Nc1 Ka4 49. Nb3 Bd3+ 50. Kxd3 Kxb3 51. Bf1 Kxb2 52. Kd2 b3 53. Bb5 Nd8
54. Ba4 Ka3 0-1

[Event "Madrid ch - Previa A"]
[Site "Madrid ESP"]
[Date "2007.11.10"]
[Round "5.8"]
[White "Navas Jimenez, Julian"]
[Black "Garcia Salamero, Gabriel"]
[Result "1/2-1/2"]
[WhiteElo "1901"]
[BlackElo "1895"]
[PlyCount "68"]
[EventDate "2007.11.01"]
[EventType "swiss"]
[EventRounds "9"]
[EventCountry "ESP"]
[Source "lmi"]
[SourceDate "2007.11.01"]

1. Nf3 d5 2. d4 e6 3. c4 c6 4. Qc2 Nf6 5. Bg5 h6 6. Bh4 Qa5+ 7. Nc3 Ne4 8. Nd2
Nxd2 9. Qxd2 Bb4 10. e3 Nd7 11. Rc1 dxc4 12. Bxc4 Nb6 13. Be2 Nd5 14. e4 Nxc3
15. bxc3 Ba3 16. Rb1 O-O 17. O-O e5 18. Qc2 a6 19. Bg3 exd4 20. cxd4 Qd8 21.
Rfd1 Re8 22. Bc4 Bd6 23. e5 Bc7 24. d5 Bxe5 25. Bxe5 Rxe5 26. dxc6 Qe7 27. Qa4
b5 28. Bxb5 Rb8 29. Bd3 Rxb1 30. Rxb1 Bf5 31. Rb8+ Kh7 32. Bxf5+ Rxf5 33. Rb1
Qc5 34. Rf1 a5 1/2-1/2

[Event "Madrid ch - Previa A"]
[Site "Madrid ESP"]
[Date "2007.11.10"]
[Round "5.9"]
[White "Hernandez del Can, Jose"]
[Black "Benito Aragoneses, Miguel Angel"]
[Result "1/2-1/2"]
[WhiteElo "1914"]
[BlackElo "1722"]
[PlyCount "51"]
[EventDate "2007.11.01"]
[EventType "swiss"]
[EventRounds "9"]
[EventCountry "ESP"]
[Source "lmi"]
[SourceDate "2007.11.01"]

1. c4 Nf6 2. Nc3 g6 3. Nf3 Bg7 4. d4 O-O 5. g3 c6 6. Bg2 d5 7. cxd5 cxd5 8. O-O
Nc6 9. a3 Bf5 10. e3 Qd7 11. Ne5 Nxe5 12. dxe5 Ne4 13. Nxe4 dxe4 14. Qxd7 Bxd7
15. Bxe4 Bxe5 16. Rb1 Rab8 17. Rd1 Rfd8 18. b3 Bc6 19. Rxd8+ Rxd8 20. Bxc6 Rd1+
21. Kg2 bxc6 22. Kf3 Re1 23. Ke4 Bd6 24. b4 c5 25. bxc5 Bxc5 26. Rb8+ 1/2-1/2

[Event "Madrid ch - Previa A"]
[Site "Madrid ESP"]
[Date "2007.11.10"]
[Round "5.10"]
[White "Algaba Traspuesto, Jose Antonio"]
[Black "Roman Rodriguez, Pablo"]
[Result "0-1"]
[WhiteElo "1828"]
[BlackElo "1916"]
[PlyCount "80"]
[EventDate "2007.11.01"]
[EventType "swiss"]
[EventRounds "9"]
[EventCountry "ESP"]
[Source "lmi"]
[SourceDate "2007.11.01"]

1. f4 e5 2. fxe5 d6 3. exd6 Bxd6 4. Nf3 Nf6 5. d4 O-O 6. Bg5 h6 7. Bh4 Re8 8.
Qd3 Be7 9. Nc3 Nc6 10. a3 Bg4 11. O-O-O Nh5 12. Bxe7 Nxe7 13. g3 Nd5 14. Nxd5
Qxd5 15. Bg2 Bf5 16. Nh4 Be4 17. Bxe4 Rxe4 18. c4 Qg5+ 19. Kb1 Rae8 20. Nf3 Qg4
21. Rde1 Re3 22. Ne5 R8xe5 23. dxe5 Rxd3 24. exd3 Qd4 25. Kc2 g5 26. Re2 Ng7
27. Rhe1 Ne6 28. Re4 Qc5 29. b4 Qf2+ 30. R1e2 Nd4+ 31. Kd2 Nxe2 32. Rxe2 Qd4
33. Kc2 Qa1 34. e6 fxe6 35. Rxe6 Qa2+ 36. Kd1 Qxa3 37. Rxh6 Qxd3+ 38. Ke1 Qe4+
39. Kf2 Kg7 40. Rh3 Qxc4 0-1

[Event "Madrid ch - Previa A"]
[Site "Madrid ESP"]
[Date "2007.11.10"]
[Round "5.11"]
[White "Fernandez Martinez, Jose"]
[Black "Baeza Escudero, Javier"]
[Result "0-1"]
[WhiteElo "1822"]
[BlackElo "1900"]
[PlyCount "59"]
[EventDate "2007.11.01"]
[EventType "swiss"]
[EventRounds "9"]
[EventCountry "ESP"]
[Source "lmi"]
[SourceDate "2007.11.01"]

1. c4 Nf6 2. Nc3 g6 3. d4 Bg7 4. e4 d6 5. Be2 O-O 6. Bg5 c5 7. d5 h6 8. Bh4 a5
9. Nf3 Na6 10. O-O Bd7 11. Re1 Nc7 12. e5 Nfe8 13. Qd2 dxe5 14. d6 Nxd6 15. Nd5
g5 16. Bg3 Ne4 17. Qe3 Nxg3 18. hxg3 Nxd5 19. cxd5 Qc7 20. Rab1 b5 21. b3 f5
22. Bf1 e4 23. Nd2 Bd4 24. Qe2 Qxg3 25. a4 Qf4 26. axb5 Bxb5 27. Nc4 a4 28. Qc2
axb3 29. Qd2 Qxd2 30. Nxd2 0-1

[Event "Madrid ch - Previa A"]
[Site "Madrid ESP"]
[Date "2007.11.10"]
[Round "5.12"]
[White "Garcia Donoso, Alberto"]
[Black "Ruiz Quevedo, Andres"]
[Result "0-1"]
[WhiteElo "1723"]
[BlackElo "1893"]
[PlyCount "110"]
[EventDate "2007.11.01"]
[EventType "swiss"]
[EventRounds "9"]
[EventCountry "ESP"]
[Source "lmi"]
[SourceDate "2007.11.01"]

1. e4 c5 2. Nf3 d6 3. c3 Nf6 4. g3 Nc6 5. d3 g6 6. Bg2 Bg7 7. Nbd2 O-O 8. O-O
Bg4 9. h3 Bd7 10. Nh2 Qc8 11. g4 h5 12. f3 Ne5 13. Qe2 hxg4 14. Nxg4 Nh5 15.
Kh2 Nf4 16. Qe3 Nexd3 17. Rd1 f5 18. Nf2 Nxc1 19. Qxf4 Be5 20. Qxe5 dxe5 21.
Raxc1 Be6 22. Rg1 Kf7 23. exf5 gxf5 24. Rce1 Qc7 25. Kh1 Rad8 26. Re2 Rg8 27.
b3 Kf6 28. Rd1 b5 29. Nf1 c4 30. b4 a5 31. a3 axb4 32. axb4 Ra8 33. Nd2 Ra3 34.
f4 e4 35. Nfxe4+ fxe4 36. Nxe4+ Kg6 37. Ng5 Bf5 38. Rg1 Kf6 39. h4 Qxf4 40. Bd5
Qxh4+ 41. Rh2 Qxh2+ 42. Kxh2 Rxg5 43. Rc1 Ra2+ 44. Kh1 Rh5+ 45. Kg1 Ke5 46. Bc6
Be4 47. Bxe4 Kxe4 48. Re1+ Kd3 49. Rxe7 Kxc3 50. Rf7 Rd5 51. Rf1 Rdd2 52. Rc1+
Rac2 53. Rb1 Rb2 54. Rc1+ Kxb4 55. Rf1 Rg2+ 0-1

[Event "Madrid ch - Previa A"]
[Site "Madrid ESP"]
[Date "2007.11.10"]
[Round "5.14"]
[White "Collado Barbas, Alberto"]
[Black "Sanchez Rodajo, Pedro Luis"]
[Result "1-0"]
[WhiteElo "1886"]
[BlackElo "1717"]
[PlyCount "77"]
[EventDate "2007.11.01"]
[EventType "swiss"]
[EventRounds "9"]
[EventCountry "ESP"]
[Source "lmi"]
[SourceDate "2007.11.01"]

1. d4 d5 2. Nf3 e6 3. Bg5 f6 4. Bf4 Bd6 5. Bg3 Ne7 6. c4 Nf5 7. Nc3 Bxg3 8.
hxg3 c6 9. e3 Nd7 10. Qc2 Nf8 11. Bd3 Qc7 12. Rc1 g6 13. cxd5 exd5 14. Nxd5
Qa5+ 15. Nc3 Be6 16. a3 Rc8 17. Nd2 Qd8 18. Nde4 Nd6 19. Nc5 f5 20. g4 Qg5 21.
Nxe6 Nxe6 22. gxf5 gxf5 23. g3 Rc7 24. Qd1 Ng7 25. Nd5 Rf7 26. Nf4 h5 27. d5 b6
28. Rxc6 Rd7 29. Rh4 Ke7 30. Be2 Rg8 31. Bxh5 Nxh5 32. Rxh5 Qf6 33. Qc2 Qf7 34.
Rh6 Rg4 35. Re6+ Kd8 36. Rcxd6 Qh7 37. Rxd7+ Kxd7 38. Qc6+ Kd8 39. Re8# 1-0

[Event "Madrid ch - Previa A"]
[Site "Madrid ESP"]
[Date "2007.11.10"]
[Round "5.16"]
[White "Pintado Luna, Julian"]
[Black "Valderrama Arroyo, Victor"]
[Result "1-0"]
[WhiteElo "1979"]
[BlackElo "1891"]
[PlyCount "37"]
[EventDate "2007.11.01"]
[EventType "swiss"]
[EventRounds "9"]
[EventCountry "ESP"]
[Source "lmi"]
[SourceDate "2007.11.01"]

1. e4 c5 2. f4 d6 3. Nf3 Nc6 4. c3 e6 5. Bb5 Bd7 6. O-O Nge7 7. d4 a6 8. Bd3 g6
9. e5 cxd4 10. cxd4 d5 11. a3 Qb6 12. Bc2 Rc8 13. Nc3 Na5 14. Na4 Bxa4 15.
Bxa4+ Nec6 16. Bc2 Nc4 17. Rb1 Ke7 18. Qe1 Nxd4 19. Qh4+ 1-0

[Event "Madrid ch - Previa A"]
[Site "Madrid ESP"]
[Date "2007.11.10"]
[Round "5.17"]
[White "Franco Rincon, David"]
[Black "Gonzalez Recas, Fernando"]
[Result "1/2-1/2"]
[WhiteElo "1713"]
[BlackElo "1888"]
[PlyCount "68"]
[EventDate "2007.11.01"]
[EventType "swiss"]
[EventRounds "9"]
[EventCountry "ESP"]
[Source "lmi"]
[SourceDate "2007.11.01"]

1. e4 d6 2. d4 Nf6 3. Nc3 g6 4. Nf3 Bg7 5. Bg5 c6 6. Bd3 Nbd7 7. Qd2 Qc7 8. Bh6
O-O 9. O-O Re8 10. Bxg7 Kxg7 11. h3 e5 12. Ne2 exd4 13. Nexd4 Nc5 14. Qc3 Nxd3
15. cxd3 Bd7 16. Nb5 Qb8 17. Nxd6 Qxd6 18. e5 Qe6 19. exf6+ Qxf6 20. d4 Be6 21.
Rad1 Bd5 22. Rd3 Rac8 23. a3 Qd6 24. Rc1 f6 25. Qc5 Qf4 26. Rcd1 b6 27. Qc3 Re6
28. Re3 Rce8 29. Rde1 Re4 30. Nd2 Rxe3 31. Rxe3 Rxe3 32. Qxe3 Qd6 33. Ne4 Qd7
34. Nc3 Bc4 1/2-1/2

[Event "Madrid ch - Previa A"]
[Site "Madrid ESP"]
[Date "2007.11.10"]
[Round "5.18"]
[White "Vazquez Moreno, Luis"]
[Black "Gonzalez Marquez, Jorge"]
[Result "1-0"]
[WhiteElo "1749"]
[BlackElo "1928"]
[PlyCount "53"]
[EventDate "2007.11.01"]
[EventType "swiss"]
[EventRounds "9"]
[EventCountry "ESP"]
[Source "lmi"]
[SourceDate "2007.11.01"]

1. e4 c5 2. Nf3 d6 3. d4 cxd4 4. Nxd4 Nf6 5. Bb5+ Bd7 6. Bxd7+ Nbxd7 7. Nc3 Nc5
8. f3 e5 9. Nf5 g6 10. Ne3 Bh6 11. Nc4 Bxc1 12. Rxc1 Ke7 13. Nb5 d5 14. Nxe5
dxe4 15. Nd4 Rc8 16. fxe4 Ncxe4 17. c3 Qd5 18. Ng4 Rhe8 19. O-O Qxa2 20. Qf3
Qxb2 21. Nxf6 Ng5 22. Qe3+ Ne6 23. Nxe8 Rxe8 24. Rb1 Qa3 25. Rxb7+ Kd8 26.
Nxe6+ Rxe6 27. Qxa7 1-0

[Event "Madrid ch - Previa A"]
[Site "Madrid ESP"]
[Date "2007.11.10"]
[Round "5.19"]
[White "Rollano Carcajona, Ruben"]
[Black "Sanchez Rodenas, Jose Antonio"]
[Result "0-1"]
[WhiteElo "1716"]
[BlackElo "1795"]
[PlyCount "82"]
[EventDate "2007.11.01"]
[EventType "swiss"]
[EventRounds "9"]
[EventCountry "ESP"]
[Source "lmi"]
[SourceDate "2007.11.01"]

1. d4 d5 2. Nf3 Nf6 3. c4 c6 4. Nc3 e6 5. cxd5 exd5 6. Bg5 Be7 7. e3 h6 8. Bh4
O-O 9. Be2 Bf5 10. O-O Ne4 11. Bxe7 Qxe7 12. Ne5 Nd7 13. Nxd7 Qxd7 14. f3 Nxc3
15. bxc3 Rae8 16. Qd2 Re6 17. Bd3 Bxd3 18. Qxd3 Rfe8 19. Rfe1 Rg6 20. Re2 h5
21. Rae1 h4 22. e4 dxe4 23. Rxe4 Rxe4 24. Qxe4 h3 25. Qe8+ Qxe8 26. Rxe8+ Kh7
27. g3 Re6 28. Rxe6 fxe6 29. Kf2 Kg6 30. Ke3 b5 31. Kf4 Kf6 32. Kg4 e5 33. Kxh3
exd4 34. cxd4 a5 35. Kg2 b4 36. Kf2 a4 37. Ke2 a3 38. Kd2 b3 39. axb3 a2 40.
Kc3 a1=Q+ 41. Kc4 Qc1+ 0-1

[Event "Madrid ch - Previa A"]
[Site "Madrid ESP"]
[Date "2007.11.10"]
[Round "5.20"]
[White "Gonzalez Ayuso, Gonzalo"]
[Black "Arias de Reyna Martinez, Francisco"]
[Result "1/2-1/2"]
[WhiteElo "1821"]
[BlackElo "1665"]
[PlyCount "29"]
[EventDate "2007.11.01"]
[EventType "swiss"]
[EventRounds "9"]
[EventCountry "ESP"]
[Source "lmi"]
[SourceDate "2007.11.01"]

1. d4 Nf6 2. c4 g6 3. Nc3 d5 4. Nf3 Bg7 5. cxd5 Nxd5 6. e4 Nxc3 7. bxc3 c5 8.
Be3 O-O 9. Be2 Nc6 10. h3 cxd4 11. cxd4 Qa5+ 12. Bd2 Qa3 13. Be3 Qa5+ 14. Bd2
Qa3 15. Be3 1/2-1/2

[Event "Madrid ch - Previa A"]
[Site "Madrid ESP"]
[Date "2007.11.10"]
[Round "5.21"]
[White "Ortiz Berruguete, Adrián"]
[Black "Vicario Ramírez, Celestino"]
[Result "1/2-1/2"]
[WhiteElo "1737"]
[BlackElo "1724"]
[PlyCount "159"]
[EventDate "2007.11.01"]
[EventType "swiss"]
[EventRounds "9"]
[EventCountry "ESP"]
[Source "lmi"]
[SourceDate "2007.11.01"]

1. e4 c5 2. Nf3 d6 3. d4 cxd4 4. Nxd4 Nf6 5. Nc3 a6 6. Be2 Nc6 7. Nf3 Qc7 8.
Bg5 Nd7 9. Nd5 Qd8 10. Nd4 Nde5 11. Be3 Nd7 12. c3 e6 13. Nxc6 bxc6 14. Nb4 Qc7
15. Qd3 Ne5 16. Qd2 Be7 17. f4 Nd7 18. Rd1 O-O 19. O-O Bb7 20. Bf3 a5 21. Nc2
Rfb8 22. Rf2 c5 23. Na3 Ba6 24. e5 d5 25. c4 Nb6 26. cxd5 exd5 27. Bxd5 Rd8 28.
Qxa5 Nxd5 29. Qxc7 Nxc7 30. Rc1 c4 31. Nxc4 Bxc4 32. Rxc4 Rd1+ 33. Rf1 Rxf1+
34. Kxf1 Ne6 35. a3 g6 36. Ke2 Rb8 37. b4 Ra8 38. Rc3 h5 39. g3 g5 40. f5 Nf8
41. f6 Bd8 42. Bxg5 Bb6 43. Rd3 Ne6 44. Bd2 Bd4 45. Bc1 Bxe5 46. Rd5 Bxf6 47.
Rxh5 Rc8 48. Be3 Re8 49. Kf3 Nd4+ 50. Bxd4 Bxd4 51. a4 f6 52. Rh4 Bg1 53. h3
Rb8 54. b5 Bb6 55. Rf4 Kf7 56. h4 Rc8 57. h5 Rc3+ 58. Kg4 Bc7 59. Rf3 Rc4+ 60.
Kh3 Rxa4 61. Rb3 Bb6 62. g4 Kg7 63. Kg3 Kh6 64. Rf3 Kg5 65. Rf5+ Kh6 66. Rxf6+
Kg5 67. Rxb6 Rxg4+ 68. Kf3 Rf4+ 69. Ke3 Rb4 70. Kd3 Kxh5 71. Kc3 Rb1 72. Rb8
Kg5 73. b6 Kf6 74. Kc4 Ke7 75. Kc5 Kd7 76. Rb7+ Kc8 77. Rc7+ Kb8 78. Kc6 Rc1+
79. Kd7 Rd1+ 80. Kc6 1/2-1/2

[Event "Madrid ch - Previa A"]
[Site "Madrid ESP"]
[Date "2007.11.10"]
[Round "5.22"]
[White "Martín Calero, Jorge"]
[Black "Argüelles Dominguez, Ruben"]
[Result "1/2-1/2"]
[WhiteElo "1708"]
[BlackElo "1662"]
[PlyCount "96"]
[EventDate "2007.11.01"]
[EventType "swiss"]
[EventRounds "9"]
[EventCountry "ESP"]
[Source "lmi"]
[SourceDate "2007.11.01"]

1. d4 Nf6 2. Nf3 d5 3. e3 Bg4 4. c4 c6 5. Nc3 Nbd7 6. cxd5 cxd5 7. Qb3 Bxf3 8.
gxf3 Qb6 9. Nxd5 Nxd5 10. Qxd5 Qb4+ 11. Kd1 e6 12. Qc4 a6 13. a3 Qxc4 14. Bxc4
Rc8 15. Bd3 Bd6 16. e4 f6 17. f4 O-O 18. e5 fxe5 19. dxe5 Bc5 20. Bc4 Rfe8 21.
f5 Kh8 22. Bxe6 Rcd8 23. Bg5 Be7 24. f4 Nc5+ 25. Kc2 Nxe6 26. Bxe7 Nd4+ 27. Kc3
Rxe7 28. Rad1 Nb5+ 29. Kc4 Rc7+ 30. Kb4 Rdc8 31. a4 Rc4+ 32. Ka5 Na7 33. Kb6
Nc6 34. Kxb7 Na5+ 35. Kxa6 Nb3 36. Kb5 Nd4+ 37. Ka5 Rb8 38. Rxd4 Rxd4 39. Re1
Rd5+ 40. Ka6 Ra8+ 41. Kb6 Rxa4 42. e6 Rd8 43. Kc7 Re8 44. Rd1 Rc4+ 45. Kd7 Rcc8
46. e7 Kg8 47. Ke6 Rc6+ 48. Kd7 Rcc8 1/2-1/2

[Event "Madrid ch - Previa A"]
[Site "Madrid ESP"]
[Date "2007.11.16"]
[Round "6.1"]
[White "Esquivias Gomez, Francisco J"]
[Black "Tejedor Ariza, Francisco"]
[Result "1-0"]
[WhiteElo "2021"]
[BlackElo "1984"]
[PlyCount "41"]
[EventDate "2007.11.01"]
[EventType "swiss"]
[EventRounds "9"]
[EventCountry "ESP"]
[Source "lmi"]
[SourceDate "2007.11.01"]

1. e4 c5 2. Nc3 e6 3. f4 Nc6 4. Bc4 a6 5. a4 Nge7 6. Nf3 d5 7. Ba2 Nb4 8. d3
Nxa2 9. Rxa2 Nc6 10. O-O Be7 11. Bd2 dxe4 12. dxe4 e5 13. Nd5 Be6 14. c4 Nb4
15. Bxb4 cxb4 16. Nxe5 Bxd5 17. exd5 Qb6+ 18. Kh1 b3 19. a5 Qd8 20. Qxb3 Rb8
21. Qa4+ 1-0